000 00906nac a22003257a 4500
001 BR2016003018
003 BR-BrBNA
005 20240105124034.0
008 230509b bl.|||m| |||| 00| 0 por d
040 _aBR-BrBNA
_bpor
_cBiblioteca Nacional de Agricultura
072 _aH60; H10
090 _aH60 BR2016003018
100 1 _aGazziero, D.L.P.
100 1 _aAdegas, F.S.
110 1 _aEMBRAPA Soja, Londrina, PR (Brasil)
245 1 _aAmaranthus palmeri no Brasil
260 3 _aLondrina, PR (Brasil):
_c2016.
300 _a3 p.
490 _aComunicado Técnico - EMBRAPA Soja (Brazil)
_vno. 88
_xISSN 1517-1752
500 _a7 illus.
650 _aCARURU
650 _aERVA DANINHA
650 _aPRAGA DE PLANTA
650 _aSOJA
650 _aALGODÃO
650 _aMILHO
650 _aINFESTAÇÃO
909 _a202312
_bLúcia Elande
_c55
_dLúcia Elande
942 _2AGRIS
_n0
_cMS
999 _c298096
_d298096